Desarme, Seguridad y Paz /

Shranjeno v:
Bibliografske podrobnosti
Glavni avtor: Treviño Ríos, Oscar (autor)
Format: Knjiga
Jezik:španščina
Teme:
Oznake: Označite
Brez oznak, prvi označite!

MARC

LEADER 00000nam^a2200000^a^4500
001 000033966
005 20250521000000.0
009 20260310085218.423
020 |a 968-452-197-9 
037 |a Acervo ITESO - Biblioteca 
041 |a ESP 
082 |a 341. 73  |b TRE 
100 |a Treviño Ríos, Oscar  |e (autor) 
245 1 0 |a Desarme, Seguridad y Paz /  |c O. Treviño Ríos. 
264 |a México :  |b Porrúa,  |c 1987 
300 |a 124 p. 
336 |a texto  |b txt  |2 rdacontenido 
337 |a sin mediación  |b n  |2 rdamedio 
338 |a volumen  |b nc  |2 rdasoporte 
649 |a XX 
650 |a Desarme 
650 |a Seguridad Internacional 
650 |a Guerra y Paz 
650 |a Relaciones Internacionales 
650 |a Política Internacional 
650 |a Derecho Internacional 
910 |a Fondo General 
920 |a Impresos - Libros 
930 |a Colección General 
905 |a 101 
901 |a 0339660100  |b IT1  |c ACC  |i 033966  |u 20250521 
902 |a https://opac.biblio.iteso.mx/vufind/Record/000033966